|
|
|
|
| LEADER |
00000nab a2200000 a 4500 |
| 001 |
vtls000408436 |
| 003 |
SK-MaSNL |
| 005 |
20260311224912.0 |
| 008 |
160201c1991 xo 0 slo |
| 015 |
|
|
|a SNBRB19rr/mm-uuuuu
|
| 035 |
|
|
|a CL0408560
|
| 040 |
|
|
|a SNKBUCL
|b slo
|c SNKBUCL
|e AACR2
|
| 041 |
0 |
|
|a slo
|
| 044 |
|
|
|a xo
|c SK
|
| 080 |
|
|
|a 323(437)
|2 1981
|
| 100 |
1 |
|
|a Mohorita, Vlado
|4 aut
|9 1231722
|
| 245 |
1 |
0 |
|a Odvrátiť spolkový smeč nestačí
|b S Moravanmi a Slezanmi nás spája odmietanie pragocentrizmu
|c Vlado Mohorita ; Vladimír Mohorita
|
| 650 |
0 |
7 |
|a vnútorná politika
|2 snkbucl
|9 970
|
| 651 |
|
7 |
|a Československo
|2 snkbucl
|9 21376
|
| 655 |
|
7 |
|a články z novín a časopisov
|2 snkbucl
|9 267496
|
| 700 |
1 |
|
|a Mohorita, Vladimír
|4 aut
|9 268321
|
| 773 |
0 |
|
|t Zmena
|g Roč. 3, č. 74 (1991), s. 4
|
| 850 |
|
|
|a Slovenská národná knižnica v Martine
|a MTA001
|
| 852 |
|
|
|a SNK
|b KIS3GCP
|
| 958 |
|
|
|a RK
|
| 958 |
|
|
|a CZ
|
| 992 |
|
|
|a RBX
|
| 999 |
|
|
|c 3263103
|d 3265033
|